The american convention on human rights: crucial rights and their theory and practice

Αποθηκεύτηκε σε:
Λεπτομέρειες βιβλιογραφικής εγγραφής
Κύριος συγγραφέας: Medina Quiroga, Cecilia (autora)
Μορφή: Βιβλίο
Γλώσσα:Αγγλικά
Έκδοση: Cambridge Intersentia 2016
Έκδοση:2a. ed
Θέματα:
Ετικέτες: Προσθήκη ετικέτας
Δεν υπάρχουν, Καταχωρήστε ετικέτα πρώτοι!

MARC

LEADER 00000cam a2200000 a 4500
001 UCC8999
003 CL-VaPUC
008 190830e20160000uk |||||||||||||||||eng|d
020 |a 9781780683218 
082 0 4 |a 341.48  |b MED  |2 21 
100 |a Medina Quiroga, Cecilia  |e autora  |9 760358 
245 1 4 |a The american convention on human rights: crucial rights and their theory and practice 
250 |a 2a. ed 
300 |a 373 p 
942 |c BK 
945 |d 20190830 10:52:00  |a dcastane 
260 |a Cambridge  |b Intersentia  |c 2016 
650 0 |a Derechos humanos  |9 223025 
650 0 |a Derechos civiles  |9 255655 
650 0 |a Derecho internacional  |9 255637 
650 0 |a Relaciones Internacionales  |9 255740 
583 |a last modification  |c 20190830 10:52:00  |k Rodrigo Vera 
999 |c 375194  |d 375192 
952 |0 0  |1 0  |3 erb  |4 0  |6 341_480000000000000_MED_2016  |7 0  |8 WP_COW  |9 561138  |a BIBDER  |b BIBDER  |e Fundación W and P Cowley  |i 5597323  |o 341.48 MED 2016  |p 5597323  |r 2023-01-25  |w 2020-03-12  |y BK  |z Catalogado en:20190830  |k WPC